000 00460nam a2200157Ia 4500
008 240126s9999 xx 000 0 und d
022 _a2229-5348
041 _aEnglish
082 _aLIBRARY-MBA
245 0 _aJournal of Management and Entrepreneurship (JME)
260 _bXavier Institute of Management and Entrepreneurship
_aBangalore
440 _aNULL
650 _aManagement
650 _aManagement,Entrepreneurship,(JME),Management
942 _cJN
999 _c284610
_d284610